| 000 | 00621nam a2200205Ia 4500 | ||
|---|---|---|---|
| 005 | 20250508152057.0 | ||
| 008 | 008 250505s9999 xx 000 0 eng d | ||
| 037 | _aBooks to be hide in OPAC | ||
| 040 |
_aFEDL _beng _cFEDL |
||
| 041 |
_aeng _2eng |
||
| 084 |
_a370.58, NAT/O _qFEDL |
||
| 100 | _aHenry Nelson B | ||
| 245 | 0 | _aFfifty-sixth yearbook of the National society for the study of education | |
| 260 |
_aChicago _bNational Society for the Study of Education _c1957 |
||
| 300 | _axiv,367p | ||
| 365 |
_aINR _b18 |
||
| 490 | _vPt 1 | ||
| 942 |
_cHB _h370.58, NAT/O |
||
| 999 |
_c1334109 _d1334109 |
||